000 00456pab a2200157 454500
008 180718b1983 xxu||||| |||| 00| 0 eng d
100 _aPanda, J.
245 _aICICI's (Industrial Credit and Investment Corporation of India Limited ooperations analysed
260 _c1983
300 _a24-7
362 _a3 Oct.
650 _aIndustrial Credit and Investment corporation of India Limited
700 _aP.K. Sahu
773 _aCapital
909 _a10461
999 _c10461
_d10461